| 000 | 00000nam##2200000za#4500 |
| 001 | 9.639855 |
| 003 | CaOODSP |
| 005 | 20220107134005 |
| 007 | cr ||||||||||| |
| 008 | 150407|1992||||xxc|||||o f|0| 0 fre|d |
| 040 | |aCaOODSP|bfre |
| 043 | |an-cn--- |
| 086 | 1 |aH72-21/84-1992F-PDF |
| 110 | 2 |aCentre national d'information sur la violence dans la famille (Canada) |
| 245 | 10|aLignes directrices sur la violence familiale à l'intention des infirmières / |h[ressource électronique]|c[en collaboration avec l'] Association des infirmières et infirmiers du Canada. |
| 260 | |aOttawa - Ontario : |bSanté Canada. |cDècembre 1992. |
| 300 | |a47p.|bréférences |
| 590 | |a12-15-Supp|b2012-04-13 |
| 691 | 07|aViolence familiale|2gcpds |
| 775 | 08|tFamily violence : |w(CaOODSP)9.695731 |
| 776 | 0#|tLignes directrices sur la violence familiale à l'intention des infirmières / |w(CaOODSP)9.678488 |
| 856 | 40|ahttp://publications.gc.ca|qPDF|s409 Ko|uhttps://publications.gc.ca/collections/Collection/H72-21-84-1992F.pdf |